| 000 | nam a22 a 4500 | ||
|---|---|---|---|
| 999 |
_c29772 _d29772 |
||
| 003 | BLK | ||
| 005 | 20230323103216.0 | ||
| 008 | 180407b bul|||||r ||||||| ||bul|| | ||
| 010 | _aKNG00032397000 | ||
| 020 | _a954616013Х | ||
| 040 | _aBLK | ||
| 041 |
_aBUL _cBUL |
||
| 080 |
_aАграрно право. Подразделя се със знака за съотношение и индекса 631. 1 _b349.42 _x(497.2)(075.3) _z349.42(497.2)(075.3) |
||
| 100 | 1 |
_aШишков, Ангел Томов _eпърви автор _9246646 |
|
| 139 |
_aШишков, Ангел Томов _bШ 69 |
||
| 245 | 1 | 0 |
_aАграрно право _bУчебник за земеделските училища _cАнгел Шишков. |
| 257 | _aBGR | ||
| 260 |
_aСофия _bГорекс прес _c1996 |
||
| 300 |
_a222 с. _c20 см |
||
| 380 | _a3 | ||
| 650 | 4 |
_aАграрно право - България - нормативни актове _9146466 |
|
| 653 | _aаграрно право | ||
| 856 | 4 |
_qpdf _i0.00 _ldisable |
|
| 856 | 4 |
_qpdf _i0.00 _ldisable |
|
| 942 |
_cKNG _n0 _s1 |
||
| 944 |
_aCR _c15.01.2003 _kКети_Илиева |
||